| 000 | 00411nam a2200169Ia 4500 | ||
|---|---|---|---|
| 008 | 230524s9999 xx 000 0 und d | ||
| 020 | _a9788120350335 | ||
| 082 | _bJAN | ||
| 100 |
_aDebasish Jana _942684 |
||
| 245 | 0 | _aC++ and Object-Oriented Programming Paradigm | |
| 250 | _a1 | ||
| 260 |
_aNew Delhi _bPHI |
||
| 300 | _a"XI,551p;" | ||
| 500 | _aQuantity Number: 1 | ||
| 650 | _aComp-Sc | ||
| 942 | _cBK | ||
| 999 |
_c57674 _d57674 |
||